Participación social en la prevención del dengue, zika y chikungunya : adaptación de la guía para el promotor /
Guardado en:
| Autor Corporativo: | |
|---|---|
| Formato: | Libro |
| Idioma: | Undetermined |
| Publicado: |
[La Plata] :
Ministerio de Salud de la Provincia de Buenos Aires,
2016.
|
| Edición: | 3a ed. |
| Materias: | |
| Acceso en línea: | Clic aquí para acceder al libro en formato digital. |
| Etiquetas: |
Agregar Etiqueta
Sin Etiquetas, Sea el primero en etiquetar este registro!
|
| LEADER | 02049nam a22002655a 4500 | ||
|---|---|---|---|
| 001 | CEM.cems020724 | ||
| 008 | 231204s2016####ag############000#0#und#d | ||
| 005 | 20231204173216.0 | ||
| 245 | 1 | 0 | |a Participación social en la prevención del dengue, zika y chikungunya : |b adaptación de la guía para el promotor / |c UNICEF. |
| 250 | |a 3a ed. | ||
| 260 | |a [La Plata] : |b Ministerio de Salud de la Provincia de Buenos Aires, |c 2016. | ||
| 300 | |a 88 p. | ||
| 505 | 0 | |a Prólogo -- Propósitos de esta guía -- El Aedes aegypti y el dengue, ZIKA y chikungunya -- Aedes aegypti y el ambiente -- La picadura y la transmisión -- Biología de Aedes aegypti -- Los huevos, las larvas, las pulpas, los adultos -- El papel del Estado en la prevención y control del dengue, ZIKA y chikungunya -- Planificación participativa de acciones de prevención y control del dengue, ZIKA y chikungunya -- Propuestas de estrategias y actividades de prevención y control del dengue, ZIKA y chikungunya: visitas domiciliarias, articulación con instituciones educativas, campaña "Patio Limpio" y articulación con medios de comunicación -- Anexos: elementos didácticos para ilustrar los conocimientos básicos sobre mosquitos y prevención, modelo de planilla para reconpocimiento de terreno de factores de riesgo para proligeración del mosquito Aedes aegypti, tratamiento de los materiales en desuso de posible eliminación o reciclado, planilla de relevamiento de los medios de comunicación, grilla de planificación operativa | |
| 020 | |a 9789500017039 | ||
| 110 | 2 | |a UNICEF. | |
| 653 | |a Dengue | ||
| 653 | |a Zika | ||
| 653 | |a Chikungunya | ||
| 653 | |a Aedes aegypti | ||
| 653 | |a Enfermedades virales | ||
| 653 | |a Epidemia | ||
| 856 | |u https://www.ms.gba.gov.ar/ssps/repositorio/libros/elec162 |y Clic aquí para acceder al libro en formato digital. | ||
| 859 | |a CEMS |b BIB. CEMS - 11 de abril |h 616.9 |i Un311 |p 29821.23 |t Ej.1 | ||
| 859 | |a CEMS |b BIB. CEMS - 11 de abril |h 616.9 |i Un311 |p 29822.23 |t Ej.2 | ||
| 859 | |a CEMS |b BIB. CEMS - 11 de abril |h 616.9 |i Un311 |p 29823.23 |t Ej.3 | ||
